000 00451nam a2200181Ia 4500
001 17197
005 20260306170407.0
008 260306t2018||||xx |||||||||||||| ||und||
041 _aESP
082 _a657.61
_bA36
100 _aAlvarado Mairena, José
_eAUT
245 0 _aPresupuesto del sector público año fiscal 2018
260 _c2018
300 _a1048 páginas :
_c24 cm.
650 _aGEN
654 _aCCO
942 _cLIB
_dJUS
_fJUS
_2ddc
_n
999 _c17197
_d17197